The History of the Ingenious Gentleman Don Quixote of La Mancha (Record no. 3057)
[ view plain ]
| 000 -CABECERA | |
|---|---|
| campo de control de longitud fija | 01821nam a2200313 a 4500 |
| 001 - NÚMERO DE CONTROL | |
| campo de control | BRCA_3321 |
| 005 - FECHA Y HORA DE LA ÚLTIMA TRANSACCIÓN | |
| campo de control | 20190320204225.0 |
| 008 - DATOS DE LONGITUD FIJA--INFORMACIÓN GENERAL | |
| campo de control de longitud fija | 240309s1879----enka---###---#000-0#eng-# |
| 041 ## - CÓDIGO DE LENGUA | |
| Código de lengua del texto/banda sonora o título independiente | eng |
| 044 ## - CÓDIGO DEL PAÍS DE LA ENTIDAD EDITORA/PRODUCTORA | |
| Código MARC del país | enk |
| 084 ## - OTRO NÚMERO DE CLASIFICACIÓN | |
| Número de clasificación | 615 |
| Número de documento/Ítem | .P38 |
| -- | 1879 |
| 100 1# - ENTRADA PRINCIPAL--NOMBRE DE PERSONA | |
| Nombre de persona | Cervantes Saavedra, Miguel de |
| Fechas asociadas al nombre | 1547-1616 |
| 9 (RLIN) | 213 |
| 245 10 - MENCIÓN DE TÍTULO | |
| Título | The History of the Ingenious Gentleman Don Quixote of La Mancha |
| Mención de responsabilidad, etc. | Translated from the Spanish by P. A. Motteux. |
| 260 ## - PUBLICACIÓN, DISTRIBUCIÓN, ETC. | |
| Lugar de publicación, distribución, etc. | Edinburgo |
| Nombre del editor, distribuidor, etc. | William Paterson |
| Fecha de publicación, distribución, etc. | 1879-1884 |
| 300 ## - DESCRIPCIÓN FÍSICA | |
| Extensión | 4 v. |
| Otras características físicas | il. |
| Dimensiones | 26 cm. |
| 500 ## - NOTA GENERAL | |
| Nota general | Contenido : v.1. Primera parte. Advertencia del editor. Vida de Cervantes por Lockhart. Prólogo del autor. 1879. -- v.2. Primera parte. Notas. 1880. -- v.3. Segunda parte. Prólogo del autor. 1882. -- v.4. Segunda parte. Notas. 1884 |
| 500 ## - NOTA GENERAL | |
| Nota general | Reproducción de la traducción de Motteux con las copiosas notas y un ensayo sobre la vida y obra de Cervantes por J. G. Lockhart. Las notas y el ensayo son interesantes. Bellisima edidión, primorosamente impresa en excelente papel. Va adornada con aguafuertes del celebre artista francés A. Lalauze los cuales son notables desde el punto de vista técnico, pero dejan mucho que desear en cuanto a la indumentaria, más francesa que española. Tela; lomos y planos decorados con asuntos quijotiles dorados Lúdovik Osterc |
| 500 ## - NOTA GENERAL | |
| Nota general | QM479 |
| 546 ## - NOTA DE LENGUA/LENGUAJE | |
| Nota de lengua/lenguaje | Texto en : inglés |
| 650 14 - PUNTO DE ACCESO ADICIONAL DE MATERIA--TÉRMINO DE MATERIA | |
| Término de materia o nombre geográfico como elemento de entrada | Novela española |
| Subdivisión cronológica | Época clásica, 1500-1700 |
| 9 (RLIN) | 215 |
| 650 14 - PUNTO DE ACCESO ADICIONAL DE MATERIA--TÉRMINO DE MATERIA | |
| Término de materia o nombre geográfico como elemento de entrada | Literatura española |
| Subdivisión cronológica | Época clásica, 1500-1700 |
| 9 (RLIN) | 216 |
| 650 14 - PUNTO DE ACCESO ADICIONAL DE MATERIA--TÉRMINO DE MATERIA | |
| Término de materia o nombre geográfico como elemento de entrada | Novela española |
| Subdivisión cronológica | Siglo XVII |
| 9 (RLIN) | 217 |
| 650 14 - PUNTO DE ACCESO ADICIONAL DE MATERIA--TÉRMINO DE MATERIA | |
| Término de materia o nombre geográfico como elemento de entrada | Don Quijote (Personaje ficticio) |
| Término indicativo de función/relación | Novela |
| 9 (RLIN) | 218 |
| 700 1# - PUNTO DE ACCESO ADICIONAL--NOMBRE DE PERSONA | |
| Nombre de persona | Motteux, Peter Anthony |
| Fechas asociadas al nombre | 1663-1718 |
| Término indicativo de función/relación | Traductor |
| 9 (RLIN) | 8778 |
| 700 1# - PUNTO DE ACCESO ADICIONAL--NOMBRE DE PERSONA | |
| Nombre de persona | Lalauze, A. |
| Término indicativo de función/relación | Ilustrador |
| 9 (RLIN) | 8779 |
| 740 0# - PUNTO DE ACCESO ADICIONAL--TÍTULO RELACIONADO O ANALÍTICO NO CONTROLADO | |
| Título relacionado o analítico no controlado | El Ingenioso Hidalgo Don Quijote de la Mancha |
| 902 ## - CATALOGADOR | |
| Iniciales | QFM |
| 942 ## - ELEMENTOS DE PUNTO DE ACCESO ADICIONAL (KOHA) | |
| Fuente del sistema de clasificación o colocación | Library of Congress Classification |
| Tipo de ítem Koha | Libros |
| Estado de retiro | Estado de pérdida | Estado dañado | No para préstamo | Localización permanente | Ubicación/localización actual | Fecha de adquisición | Número de inventario | Total de préstamos | Signatura topográfica completa | Código de barras | Fecha visto por última vez | Precio válido a partir de | Tipo de ítem Koha |
|---|---|---|---|---|---|---|---|---|---|---|---|---|---|
| El ejemplar forma parte de la colección y puede ser consultado según las políticas vigentes. | Biblioteca del Museo Franz Mayer (Rogerio Casas-Alatriste) | Biblioteca del Museo Franz Mayer (Rogerio Casas-Alatriste) | 24/03/2009 | QM479 | 615 .P38 1879 (QM479) | 3318 | 22/03/2019 | 22/03/2019 | Libros |